Jujutsu Kaisen-8 (Record no. 12707)

MARC details
000 -LEADER
fixed length control field 00244nam a22000977a 4500
008 - FIXED-LENGTH DATA ELEMENTS--GENERAL INFORMATION
fixed length control field 241128b |||||||| |||| 00| 0 eng d
020 ## - INTERNATIONAL STANDARD BOOK NUMBER
International Standard Book Number 9781974718719
100 ## - MAIN ENTRY--PERSONAL NAME
Personal name Akutami Gege
9 (RLIN) 7692
245 ## - TITLE STATEMENT
Title Jujutsu Kaisen-8
260 ## - PUBLICATION, DISTRIBUTION, ETC. (IMPRINT)
Place of publication, distribution, etc. Italy
Name of publisher, distributor, etc. Shueisha
Date of publication, distribution, etc. 2024
Holdings
Withdrawn status Lost status Source of classification or shelving scheme Damaged status Koha normalized classification for sorting Not for loan Home library Current library Shelving location Date acquired Total Checkouts Full call number Barcode Date last seen Price effective from Koha item type
    Dewey Decimal Classification   AKU_741_590000000000000   Good Samaritan School Library Good Samaritan School Library FICTION 11/28/2024   AKU741.59 AKU18034 11/28/2024 11/28/2024 BOOK

Powered by Koha